000
00153nam a22000857a 4500
082
_a
823
100
_a
DAN GREENBURG
245
_a
THE ZACK FILES
942
_c
BK
999
_c
8518
_d
8518